Sources of Indian tradition, Vol-1, Introduction to Oriental Civilizations/ (Record no. 22778)

MARC details
000 -LEADER
fixed length control field 01213cam a2200325 4500
001 - CONTROL NUMBER
control field 3111227
003 - CONTROL NUMBER IDENTIFIER
control field BDDh-ASL
005 - DATE AND TIME OF LATEST TRANSACTION
control field 20231015030146.0
008 - FIXED-LENGTH DATA ELEMENTS--GENERAL INFORMATION
fixed length control field 700821s1958 nyub b 001 0 eng
010 ## - LIBRARY OF CONGRESS CONTROL NUMBER
LC control number 58004146
040 ## - CATALOGING SOURCE
Original cataloging agency DLC
Transcribing agency DLC
Modifying agency DLC
-- BDDh-ASL
041 1# - LANGUAGE CODE
Language code of text/sound track or separate title eng
Language code of original und
043 ## - GEOGRAPHIC AREA CODE
Geographic area code a-ii---
-- a-pk---
050 00 - LIBRARY OF CONGRESS CALL NUMBER
Classification number DS423
Item number .D33
082 00 - DEWEY DECIMAL CLASSIFICATION NUMBER
Classification number 954
Item number SOU
100 1# - MAIN ENTRY--PERSONAL NAME
Personal name De Bary, Wm. Theodore,
Dates associated with a name 1919-2017,
Relator term ed.
245 10 - TITLE STATEMENT
Title Sources of Indian tradition, Vol-1, Introduction to Oriental Civilizations/
Statement of responsibility, etc. Compiled by Wm. Theodore De Bary [and others]
260 ## - PUBLICATION, DISTRIBUTION, ETC.
Place of publication, distribution, etc. New York,
Name of publisher, distributor, etc. Columbia University Press,
Date of publication, distribution, etc. 1958.
-- 1964.
300 ## - PHYSICAL DESCRIPTION
Extent xxiv, 535 p. :
Other physical details maps.
Dimensions 22 cm.
490 1# - SERIES STATEMENT
Series statement Records of civilization: sources and studies,
Volume/sequential designation 56.
Series statement Introduction to Oriental civilizations
500 ## - GENERAL NOTE
General note Translations from various sources and by various individuals.
504 ## - BIBLIOGRAPHY, ETC. NOTE
Bibliography, etc. note Bibliography: p. [937]-946.
651 #0 - SUBJECT ADDED ENTRY--GEOGRAPHIC NAME
Geographic name India
General subdivision Religion.
651 #0 - SUBJECT ADDED ENTRY--GEOGRAPHIC NAME
Geographic name India
General subdivision Civilization.
651 #0 - SUBJECT ADDED ENTRY--GEOGRAPHIC NAME
Geographic name Pakistan
General subdivision Civilization.
830 #0 - SERIES ADDED ENTRY--UNIFORM TITLE
Uniform title Records of civilization, sources and studies,
Volume/sequential designation 56.
830 #0 - SERIES ADDED ENTRY--UNIFORM TITLE
Uniform title Introduction to Oriental civilizations.
906 ## - LOCAL DATA ELEMENT F, LDF (RLIN)
a 7
b cbc
c orignew
d u
e ncip
f 19
g y-gencatlg
942 ## - ADDED ENTRY ELEMENTS (KOHA)
Source of classification or shelving scheme Dewey Decimal Classification
Koha item type Books
Holdings
Withdrawn status Lost status Source of classification or shelving scheme Damaged status Not for loan Collection code Home library Current library Shelving location Date acquired Source of acquisition Total Checkouts Full call number Barcode Date last seen Copy number Price effective from Koha item type Public note
    Dewey Decimal Classification     Non-fiction Asiatic Society Library Asiatic Society Library General Stacks 03/06/2021 Complementary   954 SOU 107084 03/06/2021 C-1 03/06/2021 Books RARE

Powered by Koha